00514nam a22001697a 450000500170000001000140001702000110003103500130004203700130005508200100006810000220007824501020010026000390020227000360024130000270027750000400030420100804122956.0 aENG-98215 c120.00 aEN-81748 bDBAD/PUB a330.1 aSreekumar, P. K.  aSociety and economy :cby P. K. Sreekumar,bunider the chalukyas of vatapi C. AD 500-C.AD 8010 / aKuppambDravidian Universityc2009 aSrinivasavanam bKuppame517425 axi, 193 p.b21cm (Pbk) aIncludes bibliographical references